Inseln mit Anfangsbuchstabe T - Statistiken

Allgemein
  • Dieses Quiz wurde 48 mal gespielt
  • Das Durchschnittsergebnis liegt bei 6 aus 12
Antwortstatistiken
Hinweise Antwort % Korrekt
Auf der größten Kanareninsel mit dem höchsten Berg Spaniens (Teide, 3715 m) ereignete sich am 27.03.1977 der schwerste Unfall der Luftfahrtgeschichte. Teneriffa
87%
Auf der größten Insel mit T leben ca. 10.000 Teufel. Tasmanien
84%
Ca. 70% aller Halbleiterprodukte weltweit werden von der Firma TSMC hergestellt, die auf der Insel ansässig ist, deren zugehöriger Staat nur von 12 weiteren Staaten der Welt offiziell anerkannt wird. Taiwan
76%
Die beiden Inseln bilden einen Staat vor der Küste Venezuelas. Trinidad und Tobago
76%
Die mit Abstand größte der Gesellschaftsinseln ist bekannt für Vanille und Paul Gauguin. Tahiti
73%
Der Name der Sundainsel bedeutet "Osten". Somit heißt der auf dem Ostteil der Insel gelegen Staat eigentlich "Ost-Osten". Timor
58%
Etwa gleichviele Schafe wie Einwohner leben auf der für ihr Lammfleisch bekannten größten westfriesischen Insel. Texel
38%
Auf einer Insel im Süden des Atolls liegt die Hauptstadt von Kiribati. Tarawa
24%
Nördlichste bewohnte Insel Griechenlands mit der Giola-Lagune an der Südküste. Thasos
18%
259 Einwohner leben in der einzigen Siedlung der Südatlantik-Insel, Edinburgh of the Seven Seas. Ihr Einkommen besteht zu 80% aus Lizenzen für den Fang von bei Gourmets beliebten Langusten. Tristan da Cunha
18%
Kleine Insel im Susquehanna River in Pennsylvania, die berühmt wurde durch einen Unfall im dortigen Atomkraftwerk am 28.03.1979. Three Mile Island
4%
Der Name der größten und einwohnerreichsten Insel Tongas setzt sich aus dem Namen des Staats und vier weiteren Buchstaben zusammen. Tongatapu
2%
Keine übereinstimmenden Quizze gefunden
Verteilung der Resultate
Anzahl Personen mit jedem Resultat
Perzentil nach korrekt beantworteten Fragen
Ihre Resultats-Entwicklung
Sie haben dieses Quiz noch nicht gespielt